Normal view
MARC view
Entry Término temático
001 - NÚMERO DE CONTROL
- campo de control: 143835
003 - IDENTIFICADOR DEL NÚMERO DE CONTROL
- campo de control: OSt
005 - FECHA Y HORA DE LA ÚLTIMA TRANSACCIÓN
- campo de control: 20220127160103.0
008 - DATOS DE LONGITUD FIJA
- campo de control de longitud fija: 220127|| aca||aabn | a|a d
040 ## - FUENTE DE LA CATALOGACIÓN
- Centro catalogador/agencia de origen: OSt
- Centro/agencia transcriptor: OSt
150 ## - ENCABEZAMIENTO--TÉRMINO DE MATERIA
- Término de materia o nombre geográfico como elemento de entrada: Biotecnología agricola
- Subdivisión general:
- Subdivisión general: Congresos
670 ## - FUENTE DE DATOS ENCONTRADOS
- Cita de la fuente: Work cat.: (OSt)169287: Programa en Ganadería (24 : 2004 septiembre; Montecillo Texcoco, Edo. Mex.) 143834, Memoria XXV Aniversario del programa en ganadería : La biotecnología en la ganadería del Siglo XXI : Montecillo, Texcoco, 24 de septiembre, 2004 /, 2004
